000
00284nam a22001097a 4500
999
_c
529921
_d
529921
020
_a
9789385254895
082
_a
A6x54 H224
100
_a
Hari, D.K.
_9
53085
245
_a
U Turn India
_c
D.K. Hari and D. K. Hema Hari
260
_a
Bangluru
_b
Shri Shri Publication
_c
2017
300
_a
288p.